Ekonomické aspekty využitia obnoviteľných zdrojov energie bakalárska práca

Gespeichert in:
Bibliographische Detailangaben
1. Verfasser: Kubica, Sebastián
Körperschaft: Podnikovohospodárska fakulta EU so sídlom v Košiciach. Katedra ekonómie
Weitere Verfasser: Stričík, Michal, 1969-
Format: Buch
Sprache:Slowakisch
Veröffentlicht: Košice 2017
Tags: Tag hinzufügen
Keine Tags, Fügen Sie das erste Tag hinzu!

MARC

LEADER 00000nbm a2200000 4500
001 0231625
005 20240827092145.0
041 0 |a slo 
044 |a SK 
245 1 0 |a Ekonomické aspekty využitia obnoviteľných zdrojov energie  |b bakalárska práca  |c Sebastián Kubica ; školiteľ: Michal Stričík 
264 1 |a Košice  |c 2017 
300 |a 49 s. 
100 1 |a Kubica, Sebastián 
700 1 |a Stričík, Michal, 1969- 
710 2 |a Podnikovohospodárska fakulta EU so sídlom v Košiciach. Katedra ekonómie